Statistiche per I PRIMI 10 MARCATORI DEI MONDIALI ALL-TIME

Clicka qui per fare il quiz!

Statistiche generali

  • Questo quiz è stato fatto 110 volte
  • Il punteggio medio è 8 su 15

Statistiche sulle risposte

NUMERO DI GOLNAZIONEEDIZIONIGIOCATOREPOSIZIONE% Corretto
15BRASILE1994-1998-2002-2006RONALDO2
100%
13ARGENTINA2006-2010-2014-2018-2022MESSI4
99%
14GERMANIA1970-1974MULLER3
97%
10GERMANIA2010-2014-2018-2022MULLER10
97%
16GERMANIA2002-2006-2010-2014KLOSE1
93%
12FRANCIA2018-2022MBAPPE6
93%
12BRASILE1958-1962-1966-1970PELE6
91%
10ARGENTINA1994-1998-2002BATISTUTA10
50%
13FRANCIA1958FONTAINE4
35%
10INGHILTERRA1986-1990LINEKER10
29%
11GERMANIA1990-1994-1998KLINSMANN8
19%
10POLONIA1974-1978-1982LATO10
15%
11UNGHERIA1954KOCSIS8
10%
10PERU1970-1978-1982CUBILLAS10
7%
10GERMANIA1954-1958RAHN10
4%

Distribuzione punteggi

Percentile per numero di risposta

Percentuale di utenti per punteggio

I tuoi punteggi nel tempo

Non hai fatto questo quiz